Undeclared work e Unione Europea, ultimo atto (Registro nro. 48486)
[ vista simple ]
| 000 -CABECERA | |
|---|---|
| Longitud fija campo de control | 01141naa a2200301 c 4500 |
| 001 - NÚMERO DE CONTROL | |
| Número de control | 48486 |
| 003 - IDENTIFICADOR DE NÚMERO DE CONTROL | |
| Identificador del número de control | ES-MaCES |
| 005 - FECHA Y HORA DE LA ÚLTIMA TRANSACCIÓN | |
| Fecha y hora de la última transacción | 20161102125401.0 |
| 008 - CAMPO FIJO DE DESCRIPCIÓN FIJA--INFORMACIÓN GENERAL | |
| Códigos de información de longitud fija | 161102s2016 it ||||| t||||||| ||ita d |
| 040 ## - FUENTE DE CATALOGACIÓN | |
| Centro catalogador de origen | ES-MaCES |
| Lengua de catalogación | spa |
| Centro transcriptor | ES-MaCES |
| Centro modificado | ES-MaCES |
| 100 1# - ENCABEZAMIENTO PRINCIPAL--NOMBRE PERSONAL | |
| 9 (RLIN) | 37496 |
| Nombre de persona | Varva,Simone |
| 245 10 - MENCIÓN DE TÍTULO | |
| Título | Undeclared work e Unione Europea, ultimo atto |
| Resto del título | : una "piattaforma europea" per contrastare il lavoro sommerso |
| Mención de responsabilidad, etc. | Simone Varva |
| 504 ## - NOTA DE BIBLIOGRAFÍA, ETC. | |
| Nota de bibliografía, etc. | Bibliografía: p. 476-479 |
| 650 #4 - ASIENTO SECUNDARIO DE MATERIA--TÉRMINO DE MATERIA | |
| 9 (RLIN) | 29563 |
| Término de materia o nombre geográfico como elemento inicial | trabajo clandestino |
| 650 #4 - ASIENTO SECUNDARIO DE MATERIA--TÉRMINO DE MATERIA | |
| 9 (RLIN) | 29567 |
| Término de materia o nombre geográfico como elemento inicial | economía sumergida |
| 650 #4 - ASIENTO SECUNDARIO DE MATERIA--TÉRMINO DE MATERIA | |
| 9 (RLIN) | 29845 |
| Término de materia o nombre geográfico como elemento inicial | práctica laboral desleal |
| 650 #4 - ASIENTO SECUNDARIO DE MATERIA--TÉRMINO DE MATERIA | |
| 9 (RLIN) | 30253 |
| Término de materia o nombre geográfico como elemento inicial | fraude |
| 650 #4 - ASIENTO SECUNDARIO DE MATERIA--TÉRMINO DE MATERIA | |
| 9 (RLIN) | 28290 |
| Término de materia o nombre geográfico como elemento inicial | política laboral |
| 650 #4 - ASIENTO SECUNDARIO DE MATERIA--TÉRMINO DE MATERIA | |
| 9 (RLIN) | 27165 |
| Término de materia o nombre geográfico como elemento inicial | derecho del trabajo |
| 650 #4 - ASIENTO SECUNDARIO DE MATERIA--TÉRMINO DE MATERIA | |
| 9 (RLIN) | 26635 |
| Término de materia o nombre geográfico como elemento inicial | cooperación internacional |
| 650 #4 - ASIENTO SECUNDARIO DE MATERIA--TÉRMINO DE MATERIA | |
| 9 (RLIN) | 30776 |
| Término de materia o nombre geográfico como elemento inicial | política comunitaria |
| 650 #4 - ASIENTO SECUNDARIO DE MATERIA--TÉRMINO DE MATERIA | |
| 9 (RLIN) | 29866 |
| Término de materia o nombre geográfico como elemento inicial | derecho comunitario |
| 650 #4 - ASIENTO SECUNDARIO DE MATERIA--TÉRMINO DE MATERIA | |
| 9 (RLIN) | 26752 |
| Término de materia o nombre geográfico como elemento inicial | UE |
| 653 10 - TÉRMINO DE INDEXACIÓN--NO CONTROLADO | |
| Término no controlado | Empleo |
| 773 0# - ENTRADA DE DOCUMENTO FUENTE | |
| Itemnumber del ítem fuente | 85246 |
| Lugar, editor y fecha de publicación | Bologna (Strada Maggiore, 37, 40125) Il Mulino |
| Otro identificador del documento | 088144 |
| Título | Lavoro e diritto |
| Número de control del registro relacionado | (ES-MaCES)25274 |
| Parte(s) relacionada(s) | anno 30, n. 3 (estate 2016) {10261 R. 088144} ;p. 461-479 |
| 902 ## - CES. TIPO DE DOCUMENTO | |
| Tipodoc (006$c Sirtex) | ART Artículo de revista |
| 942 ## - ELEMENTOS KOHA | |
| Fuente de clasificaión o esquema | Clasificación propia del CES |
| Koha [por defecto] tipo de item | Artículos (1982-2017) |
| Parte de clasificación | Relaciones Laborales y Rel. Lab.- Empleo |
No hay ítems disponibles.
